MARC

LEADER 00000nam0a2200000 4500
001 41894
005 20231101210720.0
010 |a 5783807553 
035 |a (RuTPU)RU\TPU\book\43036 
090 |a 41894 
100 |a 20020704d2002 km y0rusy50 ca 
101 0 |a rus 
102 |a RU 
105 |a aс g 000zy 
200 1 |a Сто великих географических открытий  |f Р. К. Баландин, В. А. Маркин 
210 |a Москва  |c Вече  |d 2002 
215 |a 480 с.  |c ил., портр. 
225 1 |a 100 великих 
606 |a Географические открытия и исследования  |x История  |2 stltpush  |3 (RuTPU)RU\TPU\subj\5915  |9 33899 
610 1 |a география 
610 1 |a история 
610 1 |a путешествия 
610 1 |a Евразия 
610 1 |a Мировой Океан 
610 1 |a Америка 
610 1 |a Африка 
610 1 |a Австралия 
610 1 |a Арктика 
610 1 |a Антарктика 
610 1 |a географические открытия 
610 1 |a мореплаватели 
610 1 |a геосфера 
610 1 |a стратосфера 
610 1 |a аэронавты 
610 1 |a криосфера 
610 1 |a биосфера 
610 1 |a космогеография 
610 1 |a материки 
675 |a 910.4  |v 3 
700 1 |a Баландин  |b Р. К.  |g Рудольф Константинович 
701 1 |a Маркин  |b В. А.  |g Вячеслав Алексеевич 
801 1 |a RU  |b 63413507  |c 20020704  |g PSBO 
801 2 |a RU  |b 63413507  |c 20180823  |g PSBO 
942 |c BK